000 00557nam a2200229Ia 4500
003 OSt
005 20221005131433.0
006 a|||||r|||| 00| 0
007 ta
008 221004b |||||||| |||| 00| 0 eng d
024 _a54146
037 _cTextual
040 _aCRL
_cCRL
_beng
041 _2eng
_aeng
082 _aT.2z7, J0
245 0 _aSome aspects of education in Ancient India
260 _c1950
490 _aAdyar library series,73.
650 _aEDUCATION
942 _hT.2z7, J0
_cTEXL
_2cc
999 _c1060339
_d1060339